000 00472nmm a2200169Ia 4500
008 251105s9999||||xx |||||||||||||||||und||
020 _a9788497425810
041 _aspa
100 _aClark, Martin
245 0 _aMussolini :
_b Personalidad y poder
264 _a[Madrid, España] :
_bBiblioteca Nueva,
_c2007
300 _a496 páginas
490 _aPerfiles del poder
650 _aBiography
856 _uhttps://public.digitaliapublishing.com/a/6187
942 _cCF
999 _c90299
_d90299